01613 a2200217 45000010006000000050017000060080041000230030015000640400040000790800033001192450034001520200018001862640032002043000027002365050945002630410008012081000023012167000030012397000027012698560099012964989520260407155759.0260407a1998 arg spa dAR-UNSa-BCEJYS aAR-UNSa-BCEJYSbspacAR-UNSa-BCEJYS a330.101.542xMicroeconomía10aPrincipios de microeconomía a84-481-2104-X 1aMadrid :bMcGraw-Hillc1998 axxxiii, 451 p.c25 cm. a1. Los diez principios de la microeconomía – 2. Pensar como un economista – 3. Interdependencia y ganancias derivadas del comercio – 4. Las fuerza de mercado de la oferta y la demanda – 5. La elasticidad y su aplicación – 6. La oferta, la demanda y la política económica – 7. Los consumidores, los productores y la eficiencia de los mercados – 8. Aplicación: los costes de la tributación – 9. Aplicación: el comercio internacional – 10. Las externalidades – 11. Los bienes públicos y los recursos comunes – 12. La elaboración del sistema tributario – 13. Los costes de producción – 14. Las empresas de los mercados competitivos – 15. El monopolio – 16. El oligopolio – 17. La competencia monopolística – 18. Los mercados de factores de producción – 19. Los ingresos y la discriminación – 20. La distribución de la renta – 21. La teoría de la elección del consumidor.  aspa1 aMankiw, N. Gregory1 aRabasco Espáriz, Esther1 aToharia Cortés, Luis41uhttps://www.biblioeco.unsa.edu.ar/pmb/images/libros/L128220.jpgyImagen de portadaqimage/jpeg